000 00600nam a2200229 a 4500
003 PILC
005 20150911083830.0
008 020821s19uu xx 00 eng d
020 _a9710857126
050 _aHB 615
_b.F175 2009
100 _aFajardo, Feliciano R.
245 _aEntrepreneurship /
_cFeliciano R. Fajardo.
260 _aMandaluyong City :
_bNational Book Store,
_c2009.
300 _a236 pages ;
_c22 cm.
650 _aEntrepreneurship.
650 _aBusiness planning.
942 _cBK
_2lcc
_kLOC
999 _c288667
_d288667